مكتبة جامعة عجلون الوطنية

فهرس بحث المكتبة

التناص في شعر محمد الحوراني : دراسة في فضاء المعنى = Intertextuality in The Poetry of Mohammad Al-Hourani : A Study in the Space of Meaning (Record no. 33938)

MARC details
000 -LEADER
fixed length control field 01008nam a22001937a 4500
003 - CONTROL NUMBER IDENTIFIER
control field JO-AjAnu
005 - DATE AND TIME OF LATEST TRANSACTION
control field 20250715083605.0
008 - FIXED-LENGTH DATA ELEMENTS--GENERAL INFORMATION
fixed length control field 250715b jo ||||| |||| 00| 0 ara d
040 ## - CATALOGING SOURCE
Original cataloging agency ANU
Transcribing agency JO-AjAnu
041 ## - LANGUAGE CODE
Language code of original ARA
100 ## - MAIN ENTRY--PERSONAL NAME
Personal name الزريقات، عبد الرحيم مصطفى
Relator term معد
9 (RLIN) 66579
245 ## - TITLE STATEMENT
Title التناص في شعر محمد الحوراني : دراسة في فضاء المعنى = Intertextuality in The Poetry of Mohammad Al-Hourani : A Study in the Space of Meaning
Statement of responsibility, etc. / إعداد عبد الرحيم مصطفى الزريقات ؛ اشراف سلامة العمري
260 ## - PUBLICATION, DISTRIBUTION, ETC.
Date of publication, distribution, etc. 2025
300 ## - PHYSICAL DESCRIPTION
Extent 117 ورقة
500 ## - GENERAL NOTE
General note رسالة جامعية (رسالة ماجستير في اللغة العربية) - جامعة عجلون الوطنية (الاردن-عجلون) - كلية الآداب ، 2025
650 ## - SUBJECT ADDED ENTRY--TOPICAL TERM
Form subdivision الشعر العربي-تاريخ ونقد-التناص في الشعر
700 ## - ADDED ENTRY--PERSONAL NAME
Personal name العمري، سلامة
Relator term مشرف
9 (RLIN) 66580
942 ## - ADDED ENTRY ELEMENTS (KOHA)
Source of classification or shelving scheme Library of Congress Classification
Koha item type Thesis
Suppress in OPAC No
Holdings
Withdrawn status Lost status Source of classification or shelving scheme Damaged status Not for loan Home library Current library Date acquired Total Checkouts Full call number Barcode Date last seen Price effective from Koha item type
    Library of Congress Classification     مكتبة جامعة عجلون الوطنية مكتبة جامعة عجلون الوطنية 15/07/2025   PJ7541.2025 A30277 15/07/2025 15/07/2025 Thesis
    Library of Congress Classification     مكتبة جامعة عجلون الوطنية مكتبة جامعة عجلون الوطنية 15/07/2025   PJ7541.2025 A30278 15/07/2025 15/07/2025 Thesis